Analysis of investments and management of portfolios (Record no. 7233)

MARC details
000 -LEADER
fixed length control field 00605 a2200205 4500
001 - CONTROL NUMBER
control field 132891
003 - CONTROL NUMBER IDENTIFIER
control field OSt
005 - DATE AND TIME OF LATEST TRANSACTION
control field 20220329112431.0
008 - FIXED-LENGTH DATA ELEMENTS--GENERAL INFORMATION
fixed length control field
020 ## - INTERNATIONAL STANDARD BOOK NUMBER
International Standard Book Number 9780324658422
082 ## - DEWEY DECIMAL CLASSIFICATION NUMBER
Classification number 332.6
Item number B81A
100 1# - MAIN ENTRY--PERSONAL NAME
Personal name Brown, Keith C
245 1# - TITLE STATEMENT
Title Analysis of investments and management of portfolios
Statement of responsibility, etc by Keith C Brown and Frank K Reilly
250 ## - EDITION STATEMENT
Edition statement 9th ed.
260 ## - PUBLICATION, DISTRIBUTION, ETC. (IMPRINT)
Place of publication, distribution, etc Australia
Name of publisher, distributor, etc South-Western/ Cengage Learning
Date of publication, distribution, etc 2009
300 ## - PHYSICAL DESCRIPTION
Extent 1041p.
690 ## - LOCAL SUBJECT ADDED ENTRY--TOPICAL TERM (OCLC, RLIN)
Topical term or geographic name as entry element Portfolio management; Investments; Investment analysis
700 ## - ADDED ENTRY--PERSONAL NAME
Personal name Reilly, Frank K
942 ## - ADDED ENTRY ELEMENTS (KOHA)
Source of classification or shelving scheme Dewey Decimal Classification
Koha item type Books
Holdings
Withdrawn status Lost status Source of classification or shelving scheme Damaged status Not for loan Collection code Home library Current library Date acquired Source of acquisition Total Checkouts Full call number Barcode Date last seen Price effective from Koha item type
    Dewey Decimal Classification     General Text Book Central University Of Rajasthan Central University Of Rajasthan 18/07/2012 MGM   332.6 B81A 10506 21/11/2024 02/09/2020 Books